000 00874nam a2200217Ii 4500
003 JO-AjNU
008 230605s9999||||xx |||||||||||||| ||und||
017 _a1999/1/70
040 _aJO-AjNU
_bara
_erda
_cJO-AjNU
041 _aara
050 1 4 _aKMM460.Z8289.1999
100 3 _aتأليف الزعبي ، مخلد إبراهيم ؛ إشراف ، القاضي عصام ابو غنيم,
_eauthor
_946578
245 0 0 _aثقافتك القانونية
250 _aط1
264 3 1 _aالمفرق : الاكاديمية للنشر ، 1999
300 _a277ص
336 _atext
_btxt
_2rdacontent
337 _aunmediated
_bn
_2rdamedia
338 _avolume
_bnc
_2rdacarrier
650 4 _aقانون الإجراءات الجنائية -- الأردن -- قانون العقوبات -- الأردن -- القانون -- اختبارات، أسئلة واجوبة
_946579
999 _aA20274
_c23842
_d23842